• 首页
  • 本馆介绍
  • 公告通知
  • 最新文献
  • 馆藏检索
  • 电子资源
  • 读者导购
  • 参考咨询
  • 我的图书馆
  • 登录
  • 详细信息显示
  • 放入我的书架
  • 预约/预借图书
  • 作者相关作品
  • 分类相关作品
  • 丛书相关作品
  • 出版社相关作品

书目信息

  • 表格格式
  • 工作单格式
  • 卡片格式
题名:
广告摄影
    
 
作者: 邵大浪 著
分册:  
出版信息: 长春   吉林摄影出版社  1999.3
页数: 227页
开本: 20cm
丛书名:
单 册:
中图分类: J412.9
科图分类:
主题词: 室内摄影--摄影艺术--广告摄影
电子资源:
ISBN: 7-80606-267-X
000 00532nam0 2200193 45
001 0012250836
005 20041122105431.1
010    @a7-80606-267-X@dCNY18.00
100    @a20001225d1999 km y0chiy0120 ea
101 0  @achi
105    @a z 000yy
200 1  @a广告摄影@AGuang Gao She Ying@f邵大浪著@FShao Da Lang Zhu
210    @a长春@c吉林摄影出版社@d1999.3
215    @a227页@c图@d20cm
606 0  @a室内摄影@x摄影艺术@x广告摄影
690    @aJ412.9@v1
701  0 @a邵大浪@4著
801    @aCN@bTSTC@c20001225
905    @dJ412.9@e100
    
    广告摄影/邵大浪著.-长春:吉林摄影出版社,1999.3
    227页:图;20cm
    
    
    ISBN 7-80606-267-X:CNY18.00
    
●
相关链接 在E读中查询图书 在五车中查询图书 在当当中查询图书 在豆瓣中查询图书


正题名:广告摄影     索取号:J412.9/100         预约/预借

序号 登录号 条形码 馆藏地/架位号 状态 备注
1 0294149   002941491   第一借阅区/ [索取号:J412.9/100] 在馆    
2 0294150   002941507   第一借阅区/ [索取号:J412.9/100] 在馆    
3 0294151   002941516   第一借阅区/ [索取号:J412.9/100] 在馆    
4 0294152   002941525   第一借阅区/ [索取号:J412.9/100] 在馆    
5 0294153   002941534   第一借阅区/ [索取号:J412.9/100] 在馆    
6 0294154   002941543   第一借阅区/ [索取号:J412.9/100] 在馆    
7 0294155   002941552   第一样本阅览室/ [索取号:J412.9/100] 在馆    
唐山师范学院图书馆 欢迎您!
大连网信软件有限公司© 版权所有